| 000 | 00961cam a22003015a 4500 | ||
|---|---|---|---|
| 001 | 2909947 | ||
| 005 | 20170423111310.0 | ||
| 008 | 880630s1989 nyua b 001 0 eng | ||
| 010 | _a 88013317 | ||
| 020 | _a0070441278 | ||
| 020 | _a0070441286 (pbk.) | ||
| 040 |
_aDLC _beng _cDLC _dDLC _dEG-ScBUE |
||
| 043 | _an-us--- | ||
| 082 | 0 | 4 |
_a336.73 _bMUS _222 |
| 100 | 1 |
_aMusgrave, Richard A. _q(Richard Abel), _d1910-2007. _94566 |
|
| 245 | 1 | 0 |
_aPublic finance in theory and practice / _cRichard A. Musgrave, Peggy B. Musgrave. |
| 250 | _a5th ed. | ||
| 260 |
_aNew York : _bMcGraw-Hill Book Co., _cc1989. |
||
| 300 |
_axvi, 627 p. : _bill. ; _c25 cm. |
||
| 500 | _aIncludes Index. | ||
| 504 | _aIncludes bibliographical references and index. | ||
| 650 | 7 |
_aFinance, Public _zUnited States. _94567 _2BUEsh |
|
| 651 | _2BUEsh | ||
| 653 | _bBUSADM | ||
| 700 | 1 |
_aMusgrave, Peggy B. _94568 |
|
| 942 |
_2ddc _cBB |
||
| 999 |
_c11492 _d11492 |
||